| 000 | 00000nas 2200000za 4500 |
| 001 | 9.503606 |
| 003 | CaOODSP |
| 005 | 20221107133303 |
| 007 | cr ||||||||||| |
| 008 | 150406d20112017qucar p o f0 b0fre|d |
| 022 | |a2369-8012 |
| 040 | |aCaOODSP|bfre |
| 043 | |an-cn--- |
| 086 | 1 |aTU1-11F-PDF |
| 222 | 0|aSommaire statistique des événements de pipeline ... |
| 245 | 00|aSommaire statistique des événements de pipeline ... |h[ressource électronique]. |
| 260 | |aGatineau, Québec : |bBureau de la sécurité des transports du Canada, |c2012-2018. |
| 310 | |aAnnuel |
| 362 | 1 |aParaît depuis 2011; ne paraît plus après 2017. |
| 500 | |aPubli. aussi en anglais sous le titre : Statistical summary, pipeline occurrences ... |
| 500 | |aComprend des annexes (données 2011-2014). |
| 691 | 07|aDéversement de pétrole|2gcpds |
| 691 | 07|aPétrole|2gcpds |
| 691 | 07|aSécurité des transports|2gcpds |
| 691 | 07|aPipeline|2gcpds |
| 710 | 2 |aBureau de la sécurité des transports du Canada. |
| 775 | 08|tStatistical summary, pipeline occurrences ... |w(CaOODSP)9.507217 |
| 785 | 00|tSommaire statistique, événements de transport pipelinier en …|w(CaOODSP)9.875416 |